| 000 | 00531nam a2200193 a 4500 | ||
|---|---|---|---|
| 001 | 24019 | ||
| 003 | CO-ViMGA | ||
| 008 | 141112s2004 ck r 000 u spa d | ||
| 020 | _a9788445907184 | ||
| 040 |
_aCO-ViMGA _bspa _cCO-ViMGA |
||
| 082 | 0 | 4 | _a910.4 R433e |
| 100 | 1 |
_aRifferburgh, Bean _934919 |
|
| 245 | 1 | 0 |
_aLos exploradores y sus descubrimientos / _cBean Rifferburgh |
| 260 |
_aEspaƱa : _bIberlibro |
||
| 300 | _a79p. | ||
| 650 | 1 | 4 |
_aEXPLORACIONES GEOGRAFICAS _934920 |
| 650 | 1 | 4 |
_aEXPLORADORES _91374 |
| 942 |
_2ddc _cBK |
||
| 999 |
_c32078 _d32078 |
||